[Event "Kochan Memorial op 27th"]
[Site "Koszalin"]
[Date "2016.08.15"]
[Round "9"]
[White "Przerwa, Waldemar"]
[Black "Lopuszanski, Kamil"]
[Result "0-1"]
[WhiteElo "1799"]
[BlackElo "1991"]
[PlyCount "78"]
[EventDate "2016.08.08"]
[EventType "swiss"]
[EventRounds "9"]
[EventCountry "POL"]
[SourceTitle "CBM 173 Extra"]
[Source "ChessBase"]
[SourceDate "2016.08.29"]
[SourceVersion "1"]
[SourceVersionDate "2016.08.29"]
[SourceQuality "1"]

1. e4 e5 2. Nf3 Nc6 3. Bb5 a6 4. Ba4 Nf6 5. 0-0 Be7 6. Re1 d6 7. c3 b5 8. Bc2 0-0 9. h3 Bb7 10. a4 Re8 11. b4 Bf8 12. d3 h6 13. Bb2 d5 14. exd5 Qxd5 15. Nbd2 Rad8 16. Nf1 Nh5 17. Ne3 Qd7 18. Ng4 Nf4 19. Re3 f6 20. Qf1 h5 21. Ngh2 Ne7 22. axb5 axb5 23. g4 hxg4 24. hxg4 Ned5 25. Ree1 Bd6 26. d4 g6 27. dxe5 fxe5 28. Ng5 Kg7 29. Be4 Rh8 30. Ngf3 c5 31. c4 Nf6 32. Bxe5 Rxh2 33. Bxf6+ Kxf6 34. Nxh2 Rh8 35. f3 Nh3+ 36. Kg2 Ng5 37. Rad1 Rxh2+ 38. Kg1 Nh3+ 39. Qxh3 Rxh3 0-1

[Event "Kochan Memorial op 26th"]
[Site "Koszalin"]
[Date "2015.08.20"]
[Round "5"]
[White "Luczak, Filip"]
[Black "Przerwa, Waldemar"]
[Result "1/2-1/2"]
[WhiteElo "1529"]
[BlackElo "1773"]
[PlyCount "41"]
[EventDate "2015.08.17"]
[EventType "swiss"]
[EventRounds "9"]
[EventCountry "POL"]
[SourceTitle "EXT 2016"]
[Source "ChessBase"]
[SourceDate "2015.10.08"]
[SourceVersion "1"]
[SourceVersionDate "2015.10.08"]
[SourceQuality "1"]

1. e4 c6 2. d4 d5 3. f3 e6 4. Nc3 Bb4 5. e5 c5 6. a3 Bxc3+ 7. bxc3 Ne7 8. Bd3 Nbc6 9. Be3 Qa5 10. Qd2 c4 11. Be2 Bd7 12. f4 0-0-0 13. Nf3 Nf5 14. Bf2 h5 15. Nh4 Nxh4 16. Bxh4 Rde8 17. 0-0 Ne7 18. Bxe7 Rxe7 19. Rf3 g6 20. Qe1 Ree8 21. Qb1 1/2-1/2

[Event "Lazy op 11th"]
[Site "Lazy"]
[Date "2015.07.07"]
[Round "9"]
[White "Antolak, Julia"]
[Black "Przerwa, Waldemar"]
[Result "1/2-1/2"]
[WhiteElo "1987"]
[BlackElo "1763"]
[PlyCount "78"]
[EventDate "2015.06.28"]
[EventType "swiss"]
[EventRounds "9"]
[EventCountry "POL"]
[SourceTitle "CBM 167 Extra"]
[Source "ChessBase"]
[SourceDate "2015.09.14"]
[SourceVersion "1"]
[SourceVersionDate "2015.09.14"]
[SourceQuality "1"]

1. e4 c6 2. Nc3 d5 3. Nf3 g6 4. d4 Bg7 5. Be3 Nf6 6. e5 Ne4 7. Bd3 Nxc3 8. bxc3 Bg4 9. h3 Bxf3 10. Qxf3 e6 11. 0-0 0-0 12. Qg3 Nd7 13. Bg5 f6 14. exf6 Bxf6 15. Bxf6 Rxf6 16. Rfe1 c5 17. Qd6 c4 18. Be2 Nf8 19. Qg3 Qb8 20. Qe3 Qd6 21. Bg4 Kg7 22. h4 h5 23. Bh3 Re8 24. Qe5 Qxe5 25. Rxe5 Rf7 26. Rae1 Rfe7 27. f3 Kf7 28. g4 Nd7 29. Rg5 hxg4 30. fxg4 Nf6 31. Rf1 Rh8 32. h5 gxh5 33. gxh5 Rh6 34. Re5 Re8 35. Kg2 Rg8+ 36. Kh2 Re8 37. Rg5 Reh8 38. Kg2 Rxh5 39. Rg3 R8h6 1/2-1/2

[Event "Lazy op 11th"]
[Site "Lazy"]
[Date "2015.07.05"]
[Round "7"]
[White "Przerwa, Waldemar"]
[Black "Kokoszczynski, Jan"]
[Result "1/2-1/2"]
[WhiteElo "1763"]
[BlackElo "1988"]
[PlyCount "84"]
[EventDate "2015.06.28"]
[EventType "swiss"]
[EventRounds "9"]
[EventCountry "POL"]
[SourceTitle "CBM 167 Extra"]
[Source "ChessBase"]
[SourceDate "2015.09.14"]
[SourceVersion "1"]
[SourceVersionDate "2015.09.14"]
[SourceQuality "1"]

1. d4 d5 2. Nc3 Nf6 3. Bg5 Bf5 4. e3 e6 5. Nf3 h6 6. Bh4 Be7 7. Bd3 Bxd3 8. Qxd3 0-0 9. 0-0 Nbd7 10. e4 dxe4 11. Nxe4 c5 12. Nxf6+ Nxf6 13. Rfd1 Qc7 14. dxc5 Qxc5 15. c3 Rfd8 16. Qe2 Qa5 17. a3 Qa4 18. Rd4 Rxd4 19. Nxd4 Rd8 20. Re1 Kh8 21. h3 Qd7 22. Qf3 Qd5 23. Qxd5 Rxd5 24. Re2 Bc5 25. Bxf6 gxf6 26. Nf3 Kg7 27. Rd2 Rxd2 28. Nxd2 f5 29. Kf1 Kf6 30. Ke2 e5 31. f3 Ke6 32. Kd3 Kd5 33. c4+ Ke6 34. Nb3 Bg1 35. Nd2 Bd4 36. b3 Bc5 37. b4 Be7 38. Nb3 b6 39. Kc3 Bh4 40. Kd3 Be7 41. Kc3 Bh4 42. Kd3 Bf2 1/2-1/2

[Event "Lazy op 11th"]
[Site "Lazy"]
[Date "2015.07.01"]
[Round "4"]
[White "Laszczak, Przemyslaw"]
[Black "Przerwa, Waldemar"]
[Result "0-1"]
[WhiteElo "1821"]
[BlackElo "1763"]
[PlyCount "48"]
[EventDate "2015.06.28"]
[EventType "swiss"]
[EventRounds "9"]
[EventCountry "POL"]
[SourceTitle "CBM 167 Extra"]
[Source "ChessBase"]
[SourceDate "2015.09.14"]
[SourceVersion "1"]
[SourceVersionDate "2015.09.14"]
[SourceQuality "1"]

1. d4 d5 2. c4 c6 3. Nc3 Nf6 4. Nf3 e6 5. e3 Bd6 6. Qc2 Nbd7 7. b3 0-0 8. Be2 dxc4 9. bxc4 e5 10. d5 cxd5 11. cxd5 Bb4 12. Bc4 Qc7 13. Nd2 Bxc3 14. Qxc3 Nxd5 15. Qb3 Nc5 16. Qd1 Be6 17. 0-0 Rfd8 18. Qe2 Nc3 19. Qf3 Bxc4 20. Nxc4 e4 21. Qg4 Nd3 22. Nb2 Ne5 23. Qh3 Ne2+ 24. Kh1 Qc2 0-1

[Event "Lazy op 11th"]
[Site "Lazy"]
[Date "2015.06.28"]
[Round "1"]
[White "Przerwa, Waldemar"]
[Black "Karpus, Michal"]
[Result "0-1"]
[WhiteElo "1763"]
[BlackElo "2114"]
[PlyCount "128"]
[EventDate "2015.06.28"]
[EventType "swiss"]
[EventRounds "9"]
[EventCountry "POL"]
[SourceTitle "CBM 167 Extra"]
[Source "ChessBase"]
[SourceDate "2015.09.14"]
[SourceVersion "1"]
[SourceVersionDate "2015.09.14"]
[SourceQuality "1"]

1. d4 Nf6 2. Nc3 d5 3. Bg5 c6 4. Nf3 Nbd7 5. e3 g6 6. Bd3 Bg7 7. 0-0 0-0 8. e4 dxe4 9. Nxe4 Nxe4 10. Bxe4 Nf6 11. Bd3 Bg4 12. Re1 Bxf3 13. gxf3 Qxd4 14. Rxe7 Rab8 15. c3 Qc5 16. Bxf6 Bxf6 17. Re4 Rfe8 18. Rg4 Rbd8 19. Qc2 Qh5 20. Kg2 Re5 21. Rd1 Red5 22. h3 Bh4 23. Be2 Rxd1 24. Bxd1 Bg5 25. Rd4 Rxd4 26. cxd4 Bf6 27. Qe4 Qg5+ 28. Qg4 Qd2 29. Bb3 Bxd4 30. Qg3 Qxb2 31. h4 Kg7 32. h5 Qd2 33. Qh4 Bf6 34. Qc4 Qd7 35. hxg6 hxg6 36. a4 b5 37. Qb4 Bd4 38. Kg1 a6 39. Kg2 Qd8 40. axb5 cxb5 41. f4 Qa8+ 42. f3 Qd8 43. Bc2 Qf6 44. Kg3 Bb6 45. Bd3 Qa1 46. Qd6 Qg1+ 47. Kh3 Bd4 48. f5 Qe3 49. Be4 gxf5 50. Qg3+ Kf6 51. Qh4+ Ke6 52. Bb7 a5 53. Qd8 Bb6 54. Qd5+ Kf6 55. Qxb5 Qd4 56. Qe8 a4 57. Qh8+ Ke7 58. Qxd4 Bxd4 59. Bd5 f6 60. Kg2 Kd6 61. Bf7 Kc5 62. Kf1 Kb4 63. Ke2 Kc3 64. Kd1 Kb2 0-1

[Event "Kochan Memorial op 25th"]
[Site "Koszalin"]
[Date "2014.08.12"]
[Round "2"]
[White "Korbal, Arkadiusz"]
[Black "Przerwa, Waldemar"]
[Result "1-0"]
[WhiteElo "2116"]
[BlackElo "1723"]
[PlyCount "49"]
[EventDate "2014.08.10"]
[EventType "swiss"]
[EventRounds "9"]
[EventCountry "POL"]
[SourceTitle "CBM 161 Extra"]
[Source "ChessBase"]
[SourceDate "2014.08.29"]
[SourceVersion "1"]
[SourceVersionDate "2014.08.29"]
[SourceQuality "1"]

1. d4 Nf6 2. c4 e6 3. Nf3 c5 4. d5 exd5 5. cxd5 d6 6. Nc3 g6 7. h3 Bg7 8. e4 0-0 9. Bd3 Re8 10. 0-0 a6 11. a4 Nbd7 12. Bf4 Qc7 13. Re1 Nh5 14. Bh2 Ne5 15. g4 Nxf3+ 16. Qxf3 Bxc3 17. bxc3 Ng7 18. Qf6 Rd8 19. e5 Ne8 20. exd6 Nxf6 21. dxc7 Rxd5 22. Bc4 Rd7 23. g5 Nh5 24. Re8+ Kg7 25. Be5+ 1-0

[Event "Kochan Memorial op 24th"]
[Site "Koszalin"]
[Date "2013.08.16"]
[Round "8"]
[White "Przerwa, Waldemar"]
[Black "Leszczewska, Edyta"]
[Result "1-0"]
[WhiteElo "1779"]
[BlackElo "1382"]
[PlyCount "49"]
[EventDate "2013.08.10"]
[EventType "swiss"]
[EventRounds "9"]
[EventCountry "POL"]
[SourceTitle "CBM 155 Extra"]
[Source "ChessBase"]
[SourceDate "2013.08.26"]
[SourceVersion "1"]
[SourceVersionDate "2013.08.26"]
[SourceQuality "1"]

1. g3 e5 2. c4 Nc6 3. Bg2 Bc5 4. Nc3 Nf6 5. d3 h6 6. Nf3 d6 7. 0-0 0-0 8. Na4 Bb6 9. a3 Bd7 10. b4 Qc8 11. Nxb6 axb6 12. Bb2 Bh3 13. b5 Ne7 14. e4 Bxg2 15. Kxg2 Ng6 16. h3 Qe6 17. Nh2 Nd7 18. Ng4 Nc5 19. Ne3 c6 20. f4 exf4 21. gxf4 Na4 22. Qd2 Qe7 23. Kh2 Nxb2 24. Qxb2 Qd8 25. Nf5 1-0

[Event "POL-ch Army"]
[Site "Kolobrzeg"]
[Date "2008.03.12"]
[Round "6"]
[White "Bieluszewski, Piotr"]
[Black "Przerwa, Waldemar"]
[Result "1/2-1/2"]
[WhiteElo "2134"]
[BlackElo "1874"]
[PlyCount "106"]
[EventDate "2008.03.11"]
[EventType "swiss"]
[EventRounds "9"]
[EventCountry "POL"]
[SourceTitle "EXT 2010"]
[Source "ChessBase"]
[SourceDate "2010.11.25"]
[SourceVersion "1"]
[SourceVersionDate "2010.11.25"]
[SourceQuality "1"]

1. e4 c6 2. d4 d5 3. Nd2 dxe4 4. Nxe4 Nd7 5. Nf3 Ngf6 6. Nxf6+ Nxf6 7. Bc4 e6 8. Qe2 Bd6 9. Bg5 Qc7 10. g3 h6 11. Bd2 Bd7 12. Bb3 a5 13. a4 0-0 14. Ne5 Bxe5 15. dxe5 Nh7 16. h4 Rfd8 17. g4 Be8 18. g5 hxg5 19. hxg5 Nf8 20. f4 Ng6 21. 0-0-0 Kf8 22. Be3 c5 23. Qc4 b6 24. Qe2 Rxd1+ 25. Rxd1 Rd8 26. Rxd8 Qxd8 27. c4 Bc6 28. Bc2 Qa8 29. Qd2 Ne7 30. Qd6 Ke8 31. g6 Qb7 32. b3 Bd7 33. gxf7+ Kxf7 34. Qd1 g6 35. Qg1 Qf3 36. Bd2 Qh5 37. Bd1 Qf5 38. Qh1 Bc6 39. Qh4 Ke8 40. Qh8+ Qf8 41. Qh3 Nf5 42. Bc2 Qg7 43. Kb2 Kd7 44. Bc3 Ke7 45. Ka3 Kd8 46. Qh2 Kc7 47. Qg1 Qh6 48. Bb2 Ne7 49. Qd1 Nc8 50. Qg4 Kd7 51. Bxg6 Ne7 52. Bb1 Qf8 53. Qd1+ Kc8 1/2-1/2

[Event "Perla Baltyku op-B 3rd"]
[Site "Mielno"]
[Date "2007.06.23"]
[Round "7"]
[White "Przerwa, Waldemar"]
[Black "Nowacki, Adrian"]
[Result "1/2-1/2"]
[WhiteElo "1893"]
[BlackElo "2055"]
[PlyCount "66"]
[EventDate "2007.06.18"]
[EventType "swiss"]
[EventRounds "9"]
[EventCountry "POL"]
[SourceTitle "EXT 2008"]
[Source "ChessBase"]
[SourceDate "2007.11.25"]
[SourceVersion "1"]
[SourceVersionDate "2007.11.25"]
[SourceQuality "1"]

1. g3 Nf6 2. Bg2 g6 3. Nf3 Bg7 4. 0-0 0-0 5. d4 d5 6. c3 b6 7. Re1 c5 8. a4 Bb7 9. Na3 Nc6 10. Rb1 Ne4 11. e3 Re8 12. Qc2 Bc8 13. Nd2 Nf6 14. Qd1 Bf5 15. Ra1 Rc8 16. Qe2 e5 17. dxc5 bxc5 18. e4 Bg4 19. Qb5 d4 20. Qxc5 dxc3 21. Qxc3 Nd4 22. Qe3 Bf8 23. Nb3 Bb4 24. Bd2 Bxa3 25. Ba5 Qd7 26. Nxd4 Bxb2 27. Nb5 Bxa1 28. Rxa1 a6 29. Nc3 Rb8 30. Bb6 Qc6 31. a5 Nd7 32. Nd5 Be6 33. Rc1 Qa4 1/2-1/2

[Event "Perla Baltyku op-B 3rd"]
[Site "Mielno"]
[Date "2007.06.19"]
[Round "2"]
[White "Kujawski, Kazimierz"]
[Black "Przerwa, Waldemar"]
[Result "1/2-1/2"]
[WhiteElo "2044"]
[BlackElo "1893"]
[PlyCount "47"]
[EventDate "2007.06.18"]
[EventType "swiss"]
[EventRounds "9"]
[EventCountry "POL"]
[SourceTitle "EXT 2008"]
[Source "ChessBase"]
[SourceDate "2007.11.25"]
[SourceVersion "1"]
[SourceVersionDate "2007.11.25"]
[SourceQuality "1"]

1. e4 c6 2. d4 d5 3. e5 Bf5 4. Bd3 Bxd3 5. Qxd3 e6 6. Ne2 c5 7. c3 Qb6 8. 0-0 Qa6 9. Qd1 Nc6 10. Be3 Qb6 11. b3 Rc8 12. a3 cxd4 13. cxd4 Nge7 14. Qd3 Nf5 15. g4 Nxe3 16. fxe3 Be7 17. Nd2 0-0 18. Kg2 a6 19. Nf3 Qb5 20. Rfd1 Qxd3 21. Rxd3 Na5 22. Ra2 Rc7 23. Kg3 Rfc8 24. Ne1 1/2-1/2